| 000 | 00556nam a2200157Ii 4500 | ||
|---|---|---|---|
| 040 | _cAGL | ||
| 082 | _a633 1977 IRR C142 Or.1 | ||
| 110 | 1 | _aInternational Rice Research Institute | |
| 245 | 1 | 0 |
_aSymposium on Cropping Systems Research and Development for the Asian Rice Farmer : _b[proceedings] |
| 260 |
_aLos Ba©łos, Philippines : _bInternational Rice Research Institute, _c1977 |
||
| 300 |
_a454 p. : _bill., graphs ; _c23 cm |
||
| 500 | _aRunning title: 1976 Cropping Systems Symposium | ||
| 650 | 0 | _aRice | |
| 650 | 0 | _aCropping systems | |
| 942 | _cEK | ||
| 999 |
_c18311 _d18311 |
||